| 000 | 02642cam a2200361Ia 4500 | ||
|---|---|---|---|
| 001 | 9780203077276 | ||
| 003 | BD-DhSAU | ||
| 005 | 20151012151719.0 | ||
| 006 | a|||||s||||||||||| | ||
| 007 | cr|||| | ||
| 008 | 121116s2013 nyuad sb 001 0 eng d | ||
| 020 | _a9780203077276 (e-book : PDF) | ||
| 040 |
_aBD-DhSAU _cBD-DhSAU |
||
| 090 |
_aGV401 _b.L66 2013 |
||
| 092 |
_a338.47796068 _bL848 |
||
| 100 | 1 | _aLong, Judith Grant. | |
| 245 | 1 | 0 |
_aPublic/private partnerships for major league sports facilities _h[electronic resource] / _cJudith Grant Long. |
| 260 |
_aNew York : _bRoutledge, _c2013. |
||
| 300 |
_axvii, 222 p. : _bill. |
||
| 490 | 1 |
_aRoutledge research in sport business and management ; _v2 |
|
| 504 | _aIncludes bibliographical references (p. [207]-213) and index. | ||
| 505 | 0 | _a1. Introduction : cities, sports facilities, and public/private partnerships -- 2. Moving towards partnership : public participation in financing major league sports facilities, 1900-2010 -- 3. Full count : a model for estimating public costs in sports facility deals -- 4. Uncounted costs and unequal partnerships : the real cost of public funding for major league sports facilities -- 5. A league of their own : public participation in sports facility deals across MLB, NFL, NBA, NHL, and MLS -- 6. Who's on first? : the changing composition of partners and funding sources in major league sports facility deals -- 7. Making better deals : learning from public/private partnerships for major league sports facilities. | |
| 520 |
_a"This volume takes readers inside the high-stakes game of public-private partnerships for major league sports facilities, explaining why some cities made better deals than others, assessing the best practices and common pitfalls in deal structuring and facility leases, as well as highlighting important differences across markets, leagues, facility types, public actors, subsidy delivery mechanisms, and urban development aspirations. It concludes with speculations about the next round of facility replacement amidst rapid changes in broadcast technology, shrinking domestic audiences, and the globalization of sport"-- _cProvided by publisher. |
||
| 530 | _aAlso available in print edition. | ||
| 538 | _aMode of access: World Wide Web. | ||
| 650 | 0 |
_aSports facilities _xEconomic aspects. |
|
| 650 | 0 |
_aSports facilities _xManagement. |
|
| 650 | 0 | _aSports and state. | |
| 655 | 7 |
_aElectronic books. _2lcsh |
|
| 776 | 1 | _z9780415806930 (hardback) | |
| 830 | 0 |
_aRoutledge research in sport business and management ; _v2. |
|
| 856 | 4 | 0 | _uhttp://www.tandfebooks.com/isbn/9780203077276 |
| 999 |
_c12542 _d12541 |
||